000 00532 a2200205 4500
005 20260202162220.0
008 260202b |||||||| |||| 00| 0 eng d
020 _cRs. 700.00
_aX
040 _aMAIN
082 _a891.20901
_bG749L
100 _aGoyal, S R
245 _aLiterary chronology of ancient India
260 _bKusumanjali Book World
_c2009
_aJodhpur
300 _axxii, 194
650 _aLiterature
650 _aIndian Literatures
650 _aHistorical Treatment
650 _aAncient Period
942 _cBK
999 _c394908
_d394908